Trattato Antartico - Statistics

Statistiche generali
  • Questo quiz è stato fatto 5 volte
  • Il punteggio medio è 5 su 8
Statistiche sulle risposte
Stato sovrano Rivendicazione territoriale % Corretto
Cile Territorio Antartico Cileno
100%
Norvegia Terra della Regina Maud
75%
Australia Territorio Antartico Australiano
75%
Regno Unito Territorio Antartico Britannico
75%
Argentina Dipartimento dell'Antartide Argentina
50%
Nuova Zelanda Dipendenza di Ross
50%
Norvegia Isola Pietro I
50%
Francia Terra Adelia
50%
Nessun quiz corrispondente trovato
Distribuzione punteggi
Percentuale di utenti per punteggio
Percentile per numero di risposta
I tuoi punteggi nel tempo
Non hai fatto questo quiz